000 00878naa a22002777a 4500
001 BR7304634
003 BR-BrBNA
005 20240918173455.0
007 ta
008 230509b bl.||||| |||| 00| 0 por d
040 _aBR-BrBNA
_bpor
_cBiblioteca Nacional de Agricultura
041 _a(Pt)
072 _aF25
_b0230
090 _aF25 BR7304634
100 1 _aMalavolta, E.
100 1 _aHaag, H.P.
245 1 _aNutricao e adubacao [Cana de acucar]
260 3 _aSao Paulo, SP (Brasil):
_c1964.
500 _aCultura e adubacao da cana de acucar Sao Paulo, SP (Brasil): 1964. p. 237-278 (BR7304634-AM)F25
650 _aCANA DE ACUCAR
650 _aADUBACAO
650 _aNUTRICAO VEGETAL
773 0 _tCultura e adubacao da cana de acucar
_wF25 BR7304634
_gSao Paulo, SP (Brasil), 1964. p. 237-278
909 _a202404
_bLucia
_c55
_dLucia Elande
942 _cAM
_2AGRIS
999 _c304820
_d304820